[Event "Girona-ch"]
[Site "Blanes"]
[Date "2015.??.??"]
[Round "2"]
[White "Aymerich Verdaguer, Eduard"]
[Black "Ruiz Planas, Adelito"]
[Result "1-0"]
[WhiteElo "2288"]
[BlackElo "1980"]
[PlyCount "27"]
[EventDate "2015.09.27"]
[EventType "swiss"]
[EventRounds "9"]
[EventCountry "ESP"]
[SourceTitle "EXT 2017"]
[Source "ChessBase"]
[SourceDate "2016.10.25"]
[SourceVersion "1"]
[SourceVersionDate "2016.10.25"]
[SourceQuality "1"]

1. d4 Nf6 2. c4 e6 3. Nf3 Bb4+ 4. Bd2 Qe7 5. a3 Bxd2+ 6. Qxd2 b6 7. Nc3 Bb7 8. Qc2 d5 9. cxd5 Nxd5 10. Nxd5 exd5 11. Rc1 Na6 12. e3 Rc8 13. Bxa6 Bxa6 14. Qa4+ 1-0